=LDR 00000nam 2200000 4500 =001 INLIS000000000049572 =005 20170301134654.0 =006 =007 =008 =020 ##$$a 978-602-296-058-4 =035 ##$$0010-031700000000017 =040 ##$$a NBPDMAT =082 ##$$a 362.29 =090 ##$$a R.362.29 $bInd h =100 ##$$a Indonesia =245 ##$$a Himpunan lengkap Undang-undang Narkotika dan Psikotropika $c/ Indonesia =250 ##$$a Cet. 1 =260 ##$$a Yogyakarta $b Laksana $c 2013 =300 ##$$a 438 hlm. : $c 20 cm =650 ##$$a Narkotika - Undang-undang dan Peraturan =850 ##$$a NBPDMAT =990 ##$$a 21606183 =990 ##$$a 21606184